| 000 | 00599nam a2200205Ia 4500 | ||
|---|---|---|---|
| 003 | OSt | ||
| 005 | 20260407112958.0 | ||
| 008 | 210210b2004 xxu||||| |||| 00| 0 eng d | ||
| 040 | _cAL | ||
| 041 | _aHindi | ||
| 082 | _aH891.109 SHAS | ||
| 100 |
_aSHARMA (M A Brajbhushan). _9150986 _dशर्मा (एम ए ब्रजभूषण) |
||
| 245 |
_aSaket ki tika. _bसाकेत की टीका |
||
| 260 |
_aDilli _bAshok Prakashan _c2004 |
||
| 300 | _a400 | ||
| 650 |
_aSaket poem with summary _9150987 |
||
| 690 |
_aHindi Criticism _9150988 |
||
| 906 | _a060133 | ||
| 942 |
_2ddc _cBK |
||
| 999 |
_c106807 _d106807 |
||